Zahraničný obchod v Slovenskej republike - 8/1998

Guardado en:
Detalles Bibliográficos
Formato: Libro
Lenguaje:eslovaco
inglés
Publicado: Bratislava Štatistický úrad Slovenskej republiky 1998
Colección:Zahraničný obchod
Materias:
Etiquetas: Agregar Etiqueta
Sin Etiquetas, Sea el primero en etiquetar este registro!

MARC

LEADER 00000nam$a2200000$$$4500
001 0023250
005 20240104091621.6
041 0 |a slo 
041 0 |a eng 
044 |a SK 
245 1 0 |a Zahraničný obchod v Slovenskej republike - 8/1998 
264 1 |a Bratislava  |b Štatistický úrad Slovenskej republiky  |c 1998 
300 |a 25 s. 
490 1 |a Zahraničný obchod 
830 0 |a Zahraničný obchod 
610 2 0 |a štatistika 
610 2 0 |a údaje štatistické 
610 2 0 |a tabuľky štatistické 
610 2 0 |a obchod zahraničný 
610 2 0 |a Slovensko 
610 2 0 |a august 
610 2 0 |a 1998